00618nam a2200193Ia 4500008004100000020000700041082001700048100002700065245005400092250000700146260005400153300002800207500000700235600003300242650001300275942000700288952011400295999001500409240925s9999 xx 000 0 und d aNA a297.1226 HAS aHasan ,Muhammad Munir 0aQuran or Science: aqwam-e-alam ki sciency taraqqi aNA aKarachi:bKhawaja Printers and Publishersc,1993. axii,609p.bNAfOriginal aNA aHumanities & Natural Science aReligion cBK 001040708HUMaUITUbUITUd1996-06-16eGifted l0o297.1226 HASpQ0726r2024-09-25 07:12:11w2024-09-25yBK c3225d3225